000 00296nam a22001217a 4500
008 170519b xxu||||| |||| 00| 0 eng d
041 _aeng
080 _a94
100 _a16
101 _aSHH
245 _aECONOMIC POLICY-MAKING AND DEVELOPMENT IN BRAZIL 1947-1964
_cLEFF, N.H
942 _2udc
_cBK
999 _c13547
_d13547